[Event "Chigorin Memorial 30th"]
[Site "St Petersburg"]
[Date "2023.10.29"]
[Round "9"]
[White "Gavrikova, Veronika"]
[Black "Ponomarev, Aleksei"]
[Result "0-1"]
[WhiteElo "1024"]
[BlackElo "1536"]
[PlyCount "88"]
[EventDate "2023.10.21"]
[EventType "swiss"]
[EventRounds "9"]
[EventCountry "RUS"]
[SourceTitle "Mega2024 Update 01"]
[Source "Chessbase"]
[SourceDate "2023.11.12"]
[SourceVersion "1"]
[SourceVersionDate "2023.11.12"]
[SourceQuality "1"]

1. e4 e5 2. Nf3 Nf6 3. Nc3 Nc6 4. Bb5 Nd4 5. d3 c6 6. Bc4 d5 7. exd5 cxd5 8. Bb3 Nxb3 9. axb3 d4 10. Ne4 Nxe4 11. dxe4 Qc7 12. h3 Bd6 13. 0-0 0-0 14. Qd3 f6 15. c3 dxc3 16. bxc3 Be6 17. c4 Rfd8 18. Qc3 b5 19. Be3 bxc4 20. bxc4 Bc5 21. Bxc5 Qxc5 22. Rfc1 a5 23. Nd2 a4 24. Ra3 Bd7 25. Rca1 Bc6 26. Kf1 Rab8 27. f3 Rd4 28. Qe3 Qd6 29. R1a2 Rd8 30. Ke2 g6 31. Qc3 f5 32. Qe3 Qb4 33. exf5 Rxd2+ 34. Rxd2 Rxd2+ 35. Qxd2 Qxa3 36. Qd8+ Qf8 37. Qb6 Qe8 38. fxg6 hxg6 39. Qc7 Qe6 40. Qb8+ Kg7 41. Qb4 e4 42. Qc3+ Qf6 43. Qxf6+ Kxf6 44. fxe4 a3 0-1

[Event "Chigorin Memorial 30th"]
[Site "St Petersburg"]
[Date "2023.10.22"]
[Round "2"]
[White "Gavrikova, Veronika"]
[Black "Nuritdinov, Nizomitdin"]
[Result "0-1"]
[WhiteElo "1024"]
[BlackElo "1639"]
[PlyCount "92"]
[EventDate "2023.10.21"]
[EventType "swiss"]
[EventRounds "9"]
[EventCountry "RUS"]
[SourceTitle "Mega2024 Update 01"]
[Source "Chessbase"]
[SourceDate "2023.11.12"]
[SourceVersion "1"]
[SourceVersionDate "2023.11.12"]
[SourceQuality "1"]

1. e4 d6 2. d4 Nf6 3. Bd3 c6 4. Nf3 g6 5. 0-0 Bg7 6. h3 Nbd7 7. Be3 0-0 8. Nc3 e5 9. Re1 Qc7 10. Qd2 b5 11. a3 Bb7 12. b3 a6 13. Ne2 exd4 14. Bxd4 c5 15. Bxf6 Bxf6 16. c3 b4 17. axb4 cxb4 18. Rac1 bxc3 19. Nxc3 Nc5 20. Nd5 Bxd5 21. exd5 Qb6 22. Rb1 a5 23. Bc4 Rfe8 24. Rxe8+ Rxe8 25. b4 Ne4 26. Qe1 Bd4 27. Nxd4 Qxd4 28. Bb5 Re5 29. bxa5 Nc3 30. Qf1 Nxb1 31. Qxb1 Qxd5 32. Bf1 Qxa5 33. Qb8+ Kg7 34. Qxd6 Qa1 35. Qd3 Re1 36. Qc4 h5 37. Qd3 Qe5 38. Qd2 Ra1 39. Qd3 Qf6 40. Qe2 Qd4 41. Qc2 Rd1 42. Qe2 Rd2 43. Qf3 Ra2 44. Be2 Ra1+ 45. Bf1 Qc4 46. Kh2 Rxf1 0-1